000 00607nam a22002177a 4500
999 _c101
_d101
003 OSt
005 20210225112602.0
008 140701b xxu||||| |||| 00| 0 eng d
020 _a9780443068751
040 _c040a
082 _aQS4 T544a 2005
100 _aTixa, Serge
_9287
245 _aAtlas of Surface Palpation:
_banatomy of the neck, trunk, upper and lower limbs
250 _a2
260 _aEdinburgh;
_bChurchill Livingstone,
_c2005
300 _aix, 502 p ;
_bcol.ill :
_c26cm .
504 _aincludes index
650 _aSurface palpation
_9288
650 _aAtlas
_99564
942 _2z
_cO_SHELF